00318cam a22000977a 4500008004000000082002000040245006200060260005200122300001100174700003500185180718b1991 xxu||||| |||| 00| 0 eng d aK8501z5452 T152 aTamilnadu pension rulescby Finance Department, TamilNadu abThe Director of Stationery and Prinitngc1991 a305+p. aTamilnadu. Finance Department,